000 00731nam a2200241 i 4500
001 18339
003 DO-SdUEMH
005 20260114153353.0
007 ta
008 260114s1990 dr |||gr|||| 00| 0 spa d
040 _aDO-SdUEMH
_bspa
_erda
041 _aspa
082 1 4 _mRD
_bP387
100 1 _eaut
245 _aConstitución y Política /
_cJuan MI. Pellerano Gómez
264 1 _aSanto Domingo, República Dominicana :
_c©1990
300 _a287 páginas :
_c22 cm.
336 _2rdacontent
_atexto
_btxt
337 _2rdamedia
_asin mediación
_bn
338 _2rdacarrier
_avolumen
_bnc
505 2 _aProyecto y reforma de la constitución del año 1963 -- Reforma de la constitución del año 1966.
942 _2ddc
_cBK
_n0
999 _c18339
_d18339